000 00824nam a22003017a 4500
001 BR2019000885
003 BR-BrBNA
005 20230928105426.0
007 ta
008 230509b bl.||||| |||| 00| 0 por d
040 _aBR-BrBNA
_bpor
_cBiblioteca Nacional de Agricultura
041 _a(Por)
072 _aE14
090 _ E14 BR2019000885
100 1 _aSeibt, P. (ed.)
245 1 _aAnuário brasileiro da agricultura familiar 2015
260 3 _aErechim, RS (Brasil):
_bBota Amarela,
_c2015.
300 _a532 p.
500 _a379 illus.; 51 tables
650 _aAGRICULTURA FAMILIAR
650 _aPEQUENO PRODUTOR
650 _aPOLÍTICAS PÚBLICAS
650 _aTECNOLOGIA AGRÍCOLA
650 _aCOOPERATIVISMO
650 _aMULHER RURAL
909 _a202309
_bLucia
_c55
_dLucia Elande
942 _cBK
999 _c85079
_d85079